banner-ar

نجارة الاثاث فى مصر القديمة / (Record no. 60976)

MARC details
000 -الفاتح
حقل البيانات ثابتة الطول 00962nam a22002297a 4500
005 - وقت وتاريخ اخر تعامل مع التسجيلة
رقم الضبط 20240530110437.0
008 - عناصر البيانات ثابتة الطول - معلومات عامة
حقل البيانات ثابتة الطول 140906s2009 ua r 000 0 ara d
017 ## - رقم الايداع القانونى
رقم الايداع القانونى 4322/2009
المصدر ( الهيئة المختصة) القاهرة : دار الكتب المصرية
020 ## - الرقم الدولى المعيارى للكتب
الرقم الدولى المعيارى للكتاب 9789774790751
040 ## - مصدر الفهرسة
وكالة الفهرسة الأصلية EG-CaGPL
082 04 - رقم تصنيف ديوى العشرى
رقم الطبعة 21
رقم التصنيف 749.23
رقم المادة ق/م ن
100 0# - المدخل الرئيسى - إسم شخصى
الإسم الشخصى محمد راشد حماد
245 10 - بيان العنوان
العنوان نجارة الاثاث فى مصر القديمة /
بيان المسئوليه,etc تاليف محمد راشد حماد ؛ تقديم زاهى حواس
260 ## - PUBLICATION, DISTRIBUTION, ETC. (IMPRINT)
تاريخ النشر أو التوزيع 2009
300 ## - الوصف المادى
التعداد 565 ص ؛
أبعاد الوعاء 24 سم
490 ## - بيان السلسلة
عنوان السلسلة نحو وعى حضارى معاصر
490 ## - بيان السلسلة
عنوان السلسلة سلسلة الثقافة الاثرية والتاريخية : مشروع المئة كتاب
رقم المجلد/ التعيين التسلسلي 57
650 07 - المدخل الاضافى بالموضوع-مصطلح موضوعى
مصطلح موضوعي النجارة
التقسيم الفرعي الزمني مصر القديمة.
650 07 - المدخل الاضافى بالموضوع-مصطلح موضوعى
مصطلح موضوعي نجارة الاثاث
التقسيم الفرعي الزمني مصر القديمة.
700 ## - المدخل الاضافى - اسم شخصى
الإسم الشخصى زاهى حواس
الدور مقدم
942 ## - عناصر المدخل الإضافي( كوها)
مصدر التصنيف او مخطط الترفيف Dewey Decimal Classification
Koha [default] item type كتاب
260 ## - PUBLICATION, DISTRIBUTION, ETC. (IMPRINT)
-- القاهرة :
-- المجلس الاعلى لاثار ،
Holdings
حالة التراجع حالة الفقد حالة تلف ليس للاعارة المكان المؤقت الموقع الحالى تاريخ الاكتساب اجمالي اﻻعارات رقم الطلب الباركود تاريخ اخر مشاهدة تاريخ تفعيل السعر نوع وعاء كوها
        مكتبة القاهرة الكبرى مكتبة القاهرة الكبرى 04/14/2015   749.23 ق/م ن 160172 04/14/2015 04/14/2015 كتاب

Powered By

EGPV